[Event "Stay Safe Play From Home 411"]
[Site "Emanuel Lasker Arena"]
[Date "2020.08.26"]
[Round "5"]
[White "Fat Kevin"]
[Black "Stefanone"]
[Result "0-1"]
[WhiteElo "2035"]
[BlackElo "2087"]
[PlyCount "66"]
[EventDate "2020.08.26"]
[EventType "swiss (blitz)"]

1. d4 {[%emt 0:00:01]} d5 {[%emt 0:00:00]} 2. c4 {[%emt 0:00:00]} c6 {[%emt 0:00:00]} 3. Bf4 {[%emt 0:00:01]} e6 {[%emt 0:00:00]} 4. Nc3 {[%emt 0:00:00]} f5 {[%emt 0:00:01]} 5. Nf3 {[%emt 0:00:01]} Nf6 {[%emt 0:00:00]} 6. e3 {[%emt 0:00:00]} Bd6 {[%emt 0:00:01]} 7. Bg5 {[%emt 0:00:02]} Be7 {[%emt 0:00:01]} 8. Be2 {[%emt 0:00:02]} Ne4 {[%emt 0:00:00]} 9. Bxe7 {[%emt 0:00:01]} Qxe7 {[%emt 0:00:00]} 10. cxd5 {[%emt 0:00:01]} exd5 {[%emt 0:00:01]} 11. Qb3 {[%emt 0:00:01]} O-O {[%emt 0:00:01]} 12. O-O {[%emt 0:00:04]} Nd7 {[%emt 0:00:01]} 13. Rad1 {[%emt 0:00:01]} a5 {[%emt 0:00:01]} 14. a4 {[%emt 0:00:02]} g5 {[%emt 0:00:02]} 15. Nd2 {[%emt 0:00:00]} Nxd2 {[%emt 0:00:03]} 16. Rxd2 {[%emt 0:00:01]} Qg7 {[%emt 0:00:00]} 17. Bd3 {[%emt 0:00:02]} Nf6 {[%emt 0:00:01]} 18. Qc2 {[%emt 0:00:02]} Ne4 {[%emt 0:00:01]} 19. Rdd1 {[%emt 0:00:01]} Be6 {[%emt 0:00:02]} 20. f3 {[%emt 0:00:01]} Nxc3 {[%emt 0:00:01]} 21. bxc3 {[%emt 0:00:00]} Rae8 {[%emt 0:00:01]} 22. e4 {[%emt 0:00:01]} dxe4 {[%emt 0:00:01]} 23. fxe4 {[%emt 0:00:00]} fxe4 {[%emt 0:00:00]} 24. Bxe4 {[%emt 0:00:00]} Bc4 {[%emt 0:00:01]} 25. Rfe1 {[%emt 0:00:02]} Qf7 {[%emt 0:00:02]} 26. h3 {[%emt 0:00:02]} Bb3 {[%emt 0:00:01]} 27. Qd2 {[%emt 0:00:03]} Bxd1 {[%emt 0:00:01]} 28. Qxd1 {[%emt 0:00:01]} Qf2+ {[%emt 0:00:01]} 29. Kh2 {[%emt 0:00:01] Fat Kevin bietet Remis Fat Kevin bietet Remis Fat Kevin bietet Remis} Qf4+ {[%emt 0:00:02]} 30. Kg1 {[%emt 0:00:03]} Rxe4 {[%emt 0:00:01]} 31. Rf1 {[%emt 0:00:01]} Qxf1+ {[%emt 0:00:01]} 32. Qxf1 {[%emt 0:00:01]} Rxf1+ {[%emt 0:00:00]} 33. Kxf1 {[%emt 0:00:00]} Re3 {[%emt 0:00:00] Fat Kevin bietet Remis Fat Kevin bietet Remis Fat Kevin bietet Remis} 0-1

[Event "Stay Safe Play From Home 411"]
[Site "Emanuel Lasker Arena"]
[Date "2020.08.26"]
[Round "5"]
[White "Mamba2001de"]
[Black "TheCHESSHOUSE"]
[Result "0-1"]
[WhiteElo "1458"]
[BlackElo "2066"]
[Annotator "NA"]
[PlyCount "70"]
[EventDate "2020.08.26"]
[EventType "swiss (blitz)"]

1. e4 {[%emt 0:00:01]} c5 {[%emt 0:00:02]} 2. Nf3 {[%emt 0:00:01]} d6 {[%emt 0:00:00]} 3. c3 {[%emt 0:00:01]} Nf6 {[%emt 0:00:01]} 4. d3 {[%emt 0:00:01]} Nc6 {[%emt 0:00:01]} 5. g3 {[%emt 0:00:01]} g6 {[%emt 0:00:00]} 6. Bg2 {[%emt 0:00:01]} Bg7 {[%emt 0:00:00]} 7. O-O {[%emt 0:00:01]} O-O {[%emt 0:00:01]} 8. Re1 {[%emt 0:00:01]} Rb8 {[%emt 0:00:01]} 9. d4 {[%emt 0:00:01]} cxd4 {[%emt 0:00:01]} 10. cxd4 {[%emt 0:00:01]} e5 {[%emt 0:00:01]} 11. d5 {[%emt 0:00:01]} Ne7 {[%emt 0:00:02]} 12. Nc3 {[%emt 0:00:01]} a6 {[%emt 0:00:01]} 13. Bg5 {[%emt 0:00:02]} b5 {[%emt 0:00:01]} 14. Qd2 {[%emt 0:00:01]} Bd7 {[%emt 0:00:02]} 15. Bh6 {[%emt 0:00:01]} Bxh6 {[%emt 0:00:03]} 16. Qxh6 {[%emt 0:00:02]} Ng4 {[%emt 0:00:00]} 17. Qd2 {[%emt 0:00:03]} f5 {[%emt 0:00:01]} 18. h3 {[%emt 0:00:01]} Nf6 {[%emt 0:00:02]} 19. Ng5 {[%emt 0:00:01]} fxe4 {[%emt 0:00:05]} 20. Ne6 {[%emt 0:00:01]} Bxe6 {[%emt 0:00:01]} 21. dxe6 {[%emt 0:00:01]} Kg7 {[%emt 0:00:02]} 22. Nxe4 {[%emt 0:00:01]} Nxe4 {[%emt 0:00:05]} 23. Bxe4 {[%emt 0:00:01]} d5 {[%emt 0:00:01]} 24. Bg2 {[%emt 0:00:03]} Qd6 {[%emt 0:00:01]} 25. Qg5 {[%emt 0:00:03]} e4 {[%emt 0:00:05]} 26. Qg4 {[%emt 0:00:04]} Nf5 {[%emt 0:00:01]} 27. h4 {[%emt 0:00:05]} Qxe6 {[%emt 0:00:01]} 28. h5 {[%emt 0:00:01]} Qf6 {[%emt 0:00:03]} 29. h6+ {[%emt 0:00:03]} Nxh6 {[%emt 0:00:02]} 30. Qd7+ {[%emt 0:00:02]} Rf7 {[%emt 0:00:00]} 31. Qxd5 {[%emt 0:00:01]} Qxf2+ {[%emt 0:00:01]} 32. Kh1 {[%emt 0:00:02]} Qxg3 {[%emt 0:00:01]} 33. Qxe4 {[%emt 0:00:02]} Ng4 {[%emt 0:00:01]} 34. Qd4+ {[%emt 0:00:03]} Kg8 {[%emt 0:00:01]} 35. Qg1 {[%emt 0:00:06]} Qh4+ {[%emt 0:00:03] Zeit Zeit Zeit (Lag: Av=0.55s, max=0.7s) (Lag: Av=0.55s, max=0.7s) (Lag: Av=0.55s, max=0.7s)} 0-1

[Event "Stay Safe Play From Home 411"]
[Site "Emanuel Lasker Arena"]
[Date "2020.08.26"]
[Round "5"]
[White "KING o KONG"]
[Black "Nguyen Hong Anh"]
[Result "0-1"]
[WhiteElo "961"]
[BlackElo "2264"]
[PlyCount "54"]
[EventDate "2020.08.26"]
[EventType "swiss (blitz)"]

1. d3 {[%emt 0:00:01]} Nf6 {[%emt 0:00:02]} 2. e3 {[%emt 0:00:01]} g6 {[%emt 0:00:00]} 3. b3 {[%emt 0:00:01]} Bg7 {[%emt 0:00:01]} 4. Bb2 {[%emt 0:00:01]} d5 {[%emt 0:00:00]} 5. Nh3 {[%emt 0:00:03]} O-O {[%emt 0:00:00]} 6. d4 {[%emt 0:00:01]} c5 {[%emt 0:00:01]} 7. Bd3 {[%emt 0:00:01]} cxd4 {[%emt 0:00:01]} 8. Bxd4 {[%emt 0:00:02]} Nc6 {[%emt 0:00:00]} 9. Bxf6 {[%emt 0:00:03]} Bxf6 {[%emt 0:00:01]} 10. Nc3 {[%emt 0:00:01]} Bxc3+ {[%emt 0:00:01]} 11. Ke2 {[%emt 0:00:03]} Bxa1 {[%emt 0:00:00]} 12. Qxa1 {[%emt 0:00:01]} e5 {[%emt 0:00:01]} 13. Ng5 {[%emt 0:00:01]} Qxg5 {[%emt 0:00:02]} 14. h4 {[%emt 0:00:05]} Qg4+ {[%emt 0:00:01]} 15. f3 {[%emt 0:00:02]} Qxg2+ {[%emt 0:00:01]} 16. Kd1 {[%emt 0:00:04]} Qxh1+ {[%emt 0:00:01]} 17. Kd2 {[%emt 0:00:03]} Qxa1 {[%emt 0:00:00]} 18. Ke2 {[%emt 0:00:02]} e4 {[%emt 0:00:02]} 19. fxe4 {[%emt 0:00:01]} dxe4 {[%emt 0:00:00]} 20. Bxe4 {[%emt 0:00:01]} Bg4+ {[%emt 0:00:00]} 21. Kd3 {[%emt 0:00:03]} Rad8+ {[%emt 0:00:00]} 22. Bd5 {[%emt 0:00:05]} Ne5+ {[%emt 0:00:00]} 23. Ke4 {[%emt 0:00:01]} Bf3+ {[%emt 0:00:01]} 24. Kf4 {[%emt 0:00:03]} Rd6 {[%emt 0:00:00]} 25. Bxf3 {[%emt 0:00:02]} Rf6+ {[%emt 0:00:00]} 26. Kg3 {[%emt 0:00:03]} Rxf3+ {[%emt 0:00:01]} 27. Kh2 {[%emt 0:00:04]} Qf1 {[%emt 0:00:00] TimeW TimeW TimeW} 0-1

[Event "Stay Safe Play From Home 411"]
[Site "Emanuel Lasker Arena"]
[Date "2020.08.26"]
[Round "6"]
[White "NTBT_DHS"]
[Black "Fat Kevin"]
[Result "1-0"]
[WhiteElo "2554"]
[BlackElo "2021"]
[PlyCount "79"]
[EventDate "2020.08.26"]
[EventType "swiss (blitz)"]

1. d4 {[%emt 0:00:02]} c5 {[%emt 0:00:00]} 2. Nc3 {[%emt 0:00:00]} c4 {[%emt 0:00:00]} 3. e4 {[%emt 0:00:01]} Qc7 {[%emt 0:00:02]} 4. Nd5 {[%emt 0:00:01]} Qc6 {[%emt 0:00:02]} 5. f3 {[%emt 0:00:06]} e6 {[%emt 0:00:02]} 6. Ne3 {[%emt 0:00:01]} d5 {[%emt 0:00:01]} 7. c3 {[%emt 0:00:01]} Nf6 {[%emt 0:00:01]} 8. e5 {[%emt 0:00:01]} Nfd7 {[%emt 0:00:01]} 9. f4 {[%emt 0:00:00]} g6 {[%emt 0:00:01]} 10. Nf3 {[%emt 0:00:01]} Bg7 {[%emt 0:00:00]} 11. Be2 {[%emt 0:00:00]} O-O {[%emt 0:00:00]} 12. O-O {[%emt 0:00:00]} f6 {[%emt 0:00:00]} 13. exf6 {[%emt 0:00:01]} Nxf6 {[%emt 0:00:00]} 14. Ng5 {[%emt 0:00:01]} h6 {[%emt 0:00:01]} 15. Nf3 {[%emt 0:00:01]} Ne4 {[%emt 0:00:01]} 16. Ne5 {[%emt 0:00:00]} Qe8 {[%emt 0:00:02]} 17. Bf3 {[%emt 0:00:02]} Nd6 {[%emt 0:00:02]} 18. Bg4 {[%emt 0:00:01]} Nd7 {[%emt 0:00:01]} 19. Qc2 {[%emt 0:00:03]} Kh7 {[%emt 0:00:02]} 20. Bh3 {[%emt 0:00:05]} Nf6 {[%emt 0:00:01]} 21. Bd2 {[%emt 0:00:01]} Nde4 {[%emt 0:00:01]} 22. Rf3 {[%emt 0:00:01]} g5 {[%emt 0:00:06]} 23. N3g4 {[%emt 0:00:02]} Nh5 {[%emt 0:00:02]} 24. fxg5 {[%emt 0:00:02]} hxg5 {[%emt 0:00:02]} 25. Bxg5 {[%emt 0:00:02]} b6 {[%emt 0:00:11]} 26. Raf1 {[%emt 0:00:02]} Rxf3 {[%emt 0:00:02]} 27. gxf3 {[%emt 0:00:01]} Bd7 {[%emt 0:00:01]} 28. fxe4 {[%emt 0:00:01]} dxe4 {[%emt 0:00:01]} 29. Qxe4+ {[%emt 0:00:00]} Kg8 {[%emt 0:00:00]} 30. Nh6+ {[%emt 0:00:03]} Bxh6 {[%emt 0:00:03]} 31. Bxh6 {[%emt 0:00:00]} Ng7 {[%emt 0:00:03]} 32. Kh1 {[%emt 0:00:03]} Nf5 {[%emt 0:00:01]} 33. Rg1+ {[%emt 0:00:01]} Kh7 {[%emt 0:00:00]} 34. Bf4 {[%emt 0:00:02]} Qh5 {[%emt 0:00:01]} 35. Bxf5+ {[%emt 0:00:03]} Qxf5 {[%emt 0:00:02]} 36. Qxf5+ {[%emt 0:00:01]} exf5 {[%emt 0:00:00]} 37. Nxd7 {[%emt 0:00:00]} Rd8 {[%emt 0:00:02]} 38. Nf6+ {[%emt 0:00:01]} Kh8 {[%emt 0:00:01]} 39. Bh6 {[%emt 0:00:00]} Rf8 {[%emt 0:00:01]} 40. Bg7# {[%emt 0:00:01] (Lag: Av=0.49s, max=1.0s) (Lag: Av=0.49s, max=1.0s) (Lag: Av=0.49s, max=1.0s)} 1-0

[Event "Stay Safe Play From Home 411"]
[Site "Emanuel Lasker Arena"]
[Date "2020.08.26"]
[Round "6"]
[White "Hickey"]
[Black "Tran Minh Thang"]
[Result "0-1"]
[WhiteElo "2301"]
[BlackElo "2435"]
[PlyCount "102"]
[EventDate "2020.08.26"]
[EventType "swiss (blitz)"]

1. Nf3 {[%emt 0:00:01]} Nf6 {[%emt 0:00:01]} 2. g3 {[%emt 0:00:00]} g6 {[%emt 0:00:01]} 3. Bg2 {[%emt 0:00:00]} Bg7 {[%emt 0:00:00]} 4. O-O {[%emt 0:00:00]} O-O {[%emt 0:00:00]} 5. c4 {[%emt 0:00:00]} d5 {[%emt 0:00:00]} 6. cxd5 {[%emt 0:00:01]} Nxd5 {[%emt 0:00:00]} 7. Nc3 {[%emt 0:00:00]} Nb6 {[%emt 0:00:00]} 8. d4 {[%emt 0:00:01]} Nc6 {[%emt 0:00:00]} 9. e3 {[%emt 0:00:02]} Re8 {[%emt 0:00:01]} 10. Qe2 {[%emt 0:00:02]} Be6 {[%emt 0:00:01]} 11. b3 {[%emt 0:00:03]} a5 {[%emt 0:00:05]} 12. Rd1 {[%emt 0:00:01]} Nb4 {[%emt 0:00:06]} 13. Ba3 {[%emt 0:00:04]} N6d5 {[%emt 0:00:07]} 14. Nxd5 {[%emt 0:00:01]} Bxd5 {[%emt 0:00:01]} 15. e4 {[%emt 0:00:05]} Be6 {[%emt 0:00:00]} 16. d5 {[%emt 0:00:01]} Bg4 {[%emt 0:00:02]} 17. Rac1 {[%emt 0:00:02]} Qd7 {[%emt 0:00:04]} 18. Rc4 {[%emt 0:00:02]} Red8 {[%emt 0:00:06]} 19. Bxb4 {[%emt 0:00:02]} axb4 {[%emt 0:00:01]} 20. Rxb4 {[%emt 0:00:00]} c6 {[%emt 0:00:01]} 21. a4 {[%emt 0:00:03]} e6 {[%emt 0:00:03]} 22. h3 {[%emt 0:00:03]} Bxf3 {[%emt 0:00:03]} 23. Qxf3 {[%emt 0:00:00]} c5 {[%emt 0:00:04]} 24. Rc4 {[%emt 0:00:02]} Bd4 {[%emt 0:00:00]} 25. Kh2 {[%emt 0:00:02]} b6 {[%emt 0:00:02]} 26. Qe2 {[%emt 0:00:02]} exd5 {[%emt 0:00:01]} 27. exd5 {[%emt 0:00:00]} Re8 {[%emt 0:00:00]} 28. Qd2 {[%emt 0:00:01]} Qd6 {[%emt 0:00:00]} 29. Rxd4 {[%emt 0:00:01]} cxd4 {[%emt 0:00:01]} 30. Qxd4 {[%emt 0:00:00]} Rad8 {[%emt 0:00:00]} 31. Rd2 {[%emt 0:00:01]} Qe5 {[%emt 0:00:00]} 32. b4 {[%emt 0:00:01]} Qxd4 {[%emt 0:00:01]} 33. Rxd4 {[%emt 0:00:00]} Rd6 {[%emt 0:00:00]} 34. g4 {[%emt 0:00:01]} Re2 {[%emt 0:00:01]} 35. Kg3 {[%emt 0:00:00]} Ra2 {[%emt 0:00:00]} 36. b5 {[%emt 0:00:02]} Rb2 {[%emt 0:00:01]} 37. Rc4 {[%emt 0:00:01]} Rb3+ {[%emt 0:00:00]} 38. Bf3 {[%emt 0:00:01]} Ra3 {[%emt 0:00:00]} 39. Rc6 {[%emt 0:00:01]} Rxd5 {[%emt 0:00:00]} 40. Rxb6 {[%emt 0:00:02]} Rdd3 {[%emt 0:00:00]} 41. Rf6 {[%emt 0:00:01]} Kg7 {[%emt 0:00:00]} 42. Rf4 {[%emt 0:00:00]} g5 {[%emt 0:00:00]} 43. Rf5 {[%emt 0:00:01]} f6 {[%emt 0:00:00]} 44. Kg2 {[%emt 0:00:00]} Rxa4 {[%emt 0:00:00]} 45. h4 {[%emt 0:00:00]} gxh4 {[%emt 0:00:01]} 46. g5 {[%emt 0:00:01]} Rb3 {[%emt 0:00:00]} 47. gxf6+ {[%emt 0:00:01]} Kf7 {[%emt 0:00:00]} 48. Rh5 {[%emt 0:00:01]} Kg6 {[%emt 0:00:00]} 49. Rxh4 {[%emt 0:00:00]} Rxh4 {[%emt 0:00:01]} 50. Be4+ {[%emt 0:00:00]} Rxe4 {[%emt 0:00:01]} 51. f3 {[%emt 0:00:00]} Rg4+ {[%emt 0:00:00] Time Time Time (Lag: Av=0.87s, max=1.4s) (Lag: Av=0.87s, max=1.4s) (Lag: Av=0.87s, max=1.4s)} 0-1

[Event "Stay Safe Play From Home 411"]
[Site "Emanuel Lasker Arena"]
[Date "2020.08.26"]
[Round "6"]
[White "Nguyen Hong Anh"]
[Black "Mepe_Nika"]
[Result "0-1"]
[WhiteElo "2264"]
[BlackElo "2342"]
[PlyCount "116"]
[EventDate "2020.08.26"]
[EventType "swiss (blitz)"]

1. d4 {[%emt 0:00:01]} d5 {[%emt 0:00:01]} 2. c4 {[%emt 0:00:01]} c6 {[%emt 0:00:00]} 3. Nf3 {[%emt 0:00:01]} Nf6 {[%emt 0:00:00]} 4. Qc2 {[%emt 0:00:01]} dxc4 {[%emt 0:00:01]} 5. Qxc4 {[%emt 0:00:01]} Bf5 {[%emt 0:00:01]} 6. g3 {[%emt 0:00:01]} e6 {[%emt 0:00:01]} 7. Bg2 {[%emt 0:00:00]} Be7 {[%emt 0:00:00]} 8. O-O {[%emt 0:00:00]} O-O {[%emt 0:00:00]} 9. Nc3 {[%emt 0:00:00]} h6 {[%emt 0:00:00]} 10. Re1 {[%emt 0:00:01]} Ne4 {[%emt 0:00:00]} 11. Ne5 {[%emt 0:00:01]} Nxc3 {[%emt 0:00:05]} 12. bxc3 {[%emt 0:00:01]} Nd7 {[%emt 0:00:00]} 13. e4 {[%emt 0:00:01]} Nxe5 {[%emt 0:00:02]} 14. dxe5 {[%emt 0:00:01]} Bg6 {[%emt 0:00:02]} 15. Be3 {[%emt 0:00:01]} Qc7 {[%emt 0:00:01]} 16. Bd4 {[%emt 0:00:02]} Rfc8 {[%emt 0:00:07]} 17. Rad1 {[%emt 0:00:02]} c5 {[%emt 0:00:01]} 18. Be3 {[%emt 0:00:01]} Qxe5 {[%emt 0:00:01]} 19. Rd7 {[%emt 0:00:01]} Bf6 {[%emt 0:00:02]} 20. Rxb7 {[%emt 0:00:01]} Qxc3 {[%emt 0:00:01]} 21. Qxc3 {[%emt 0:00:01]} Bxc3 {[%emt 0:00:00]} 22. Rc1 {[%emt 0:00:01]} Bd4 {[%emt 0:00:00]} 23. e5 {[%emt 0:00:04]} Bxe3 {[%emt 0:00:02]} 24. fxe3 {[%emt 0:00:01]} Rab8 {[%emt 0:00:01]} 25. Rxa7 {[%emt 0:00:01]} c4 {[%emt 0:00:01]} 26. Rc3 {[%emt 0:00:02]} Rb5 {[%emt 0:00:02]} 27. Bf1 {[%emt 0:00:01]} Rxe5 {[%emt 0:00:02]} 28. Bxc4 {[%emt 0:00:02]} Rec5 {[%emt 0:00:03]} 29. Ra4 {[%emt 0:00:01]} Be4 {[%emt 0:00:01]} 30. Rb4 {[%emt 0:00:04]} Bd5 {[%emt 0:00:01]} 31. Bxd5 {[%emt 0:00:01]} Rxc3 {[%emt 0:00:00]} 32. Bb3 {[%emt 0:00:01]} Rxe3 {[%emt 0:00:01]} 33. Kf2 {[%emt 0:00:00]} Rd3 {[%emt 0:00:02]} 34. Rb7 {[%emt 0:00:01]} Rcc3 {[%emt 0:00:03]} 35. Ke2 {[%emt 0:00:01]} Rd8 {[%emt 0:00:02]} 36. a4 {[%emt 0:00:01]} Rdd3 {[%emt 0:00:02]} 37. Rb8+ {[%emt 0:00:03]} Kh7 {[%emt 0:00:01]} 38. Bc2 {[%emt 0:00:00]} Rxc2+ {[%emt 0:00:01]} 39. Kxd3 {[%emt 0:00:00]} Rxh2 {[%emt 0:00:00]} 40. Rb7 {[%emt 0:00:01]} Kg6 {[%emt 0:00:01]} 41. Rb3 {[%emt 0:00:01]} Ra2 {[%emt 0:00:01]} 42. Rb4 {[%emt 0:00:01]} Rg2 {[%emt 0:00:01]} 43. Rf4 {[%emt 0:00:02]} Rxg3+ {[%emt 0:00:01]} 44. Ke4 {[%emt 0:00:00]} Ra3 {[%emt 0:00:00]} 45. Ke5 {[%emt 0:00:01]} f6+ {[%emt 0:00:01]} 46. Kxe6 {[%emt 0:00:01]} Re3+ {[%emt 0:00:00]} 47. Kd6 {[%emt 0:00:01]} Ra3 {[%emt 0:00:00]} 48. Re4 {[%emt 0:00:01]} Kh7 {[%emt 0:00:00]} 49. Ke7 {[%emt 0:00:01]} Kg6 {[%emt 0:00:00]} 50. Kf8 {[%emt 0:00:01]} Kf5 {[%emt 0:00:01]} 51. Re7 {[%emt 0:00:00]} g5 {[%emt 0:00:00]} 52. Rg7 {[%emt 0:00:00]} Kg4 {[%emt 0:00:00]} 53. Rh7 {[%emt 0:00:00]} f5 {[%emt 0:00:00]} 54. Rxh6 {[%emt 0:00:00]} Rxa4 {[%emt 0:00:00]} 55. Re6 {[%emt 0:00:01]} Ra7 {[%emt 0:00:00]} 56. Re5 {[%emt 0:00:01]} f4 {[%emt 0:00:00]} 57. Re1 {[%emt 0:00:00]} Ra8+ {[%emt 0:00:00]} 58. Kg7 {[%emt 0:00:01]} Ra6 {[%emt 0:00:00] Time Time Time (Lag: Av=1.05s, max=2.1s) (Lag: Av=1.05s, max=2.1s) (Lag: Av=1.05s, max=2.1s)} 0-1

[Event "Stay Safe Play From Home 411"]
[Site "Emanuel Lasker Arena"]
[Date "2020.08.26"]
[Round "6"]
[White "Lamborghini"]
[Black "IceQueen"]
[Result "0-1"]
[WhiteElo "2259"]
[BlackElo "2357"]
[PlyCount "52"]
[EventDate "2020.08.26"]
[EventType "swiss (blitz)"]

1. e4 {[%emt 0:00:03]} d6 {[%emt 0:00:00]} 2. d4 {[%emt 0:00:01]} Nf6 {[%emt 0:00:00]} 3. Nc3 {[%emt 0:00:00]} g6 {[%emt 0:00:00]} 4. Be3 {[%emt 0:00:02]} c6 {[%emt 0:00:01]} 5. Qf3 {[%emt 0:00:01]} Bg7 {[%emt 0:00:01]} 6. h3 {[%emt 0:00:01]} Nbd7 {[%emt 0:00:02]} 7. O-O-O {[%emt 0:00:01]} O-O {[%emt 0:00:03]} 8. g4 {[%emt 0:00:01]} e5 {[%emt 0:00:01]} 9. dxe5 {[%emt 0:00:01]} Nxe5 {[%emt 0:00:00]} 10. Qg3 {[%emt 0:00:01]} Qa5 {[%emt 0:00:01]} 11. f4 {[%emt 0:00:03]} Ned7 {[%emt 0:00:02]} 12. Rxd6 {[%emt 0:00:01]} Nc5 {[%emt 0:00:06]} 13. e5 {[%emt 0:00:01]} Nfe4 {[%emt 0:00:01]} 14. Nxe4 {[%emt 0:00:01]} Nxe4 {[%emt 0:00:00]} 15. Qg2 {[%emt 0:00:04]} Qe1+ {[%emt 0:00:03]} 16. Rd1 {[%emt 0:00:02]} Qxe3+ {[%emt 0:00:00]} 17. Kb1 {[%emt 0:00:01]} Qxf4 {[%emt 0:00:01]} 18. Ne2 {[%emt 0:00:01]} Qxe5 {[%emt 0:00:01]} 19. c3 {[%emt 0:00:01]} Be6 {[%emt 0:00:01]} 20. Nd4 {[%emt 0:00:01]} Bd5 {[%emt 0:00:03]} 21. Re1 {[%emt 0:00:03]} Nxc3+ {[%emt 0:00:04]} 22. Kc2 {[%emt 0:00:01]} Bxg2 {[%emt 0:00:00]} 23. Rxe5 {[%emt 0:00:01]} Bxh1 {[%emt 0:00:00]} 24. Re7 {[%emt 0:00:02]} Bxd4 {[%emt 0:00:01]} 25. bxc3 {[%emt 0:00:00]} Bc5 {[%emt 0:00:01]} 26. Bc4 {[%emt 0:00:00]} Bxe7 {[%emt 0:00:01] Lamborghini gibt auf Lamborghini gibt auf Lamborghini gibt auf (Lag: Av=0.41s, max=0.8s) (Lag: Av=0.41s, max=0.8s) (Lag: Av=0.41s, max=0.8s)} 0-1

[Event "Stay Safe Play From Home 411"]
[Site "Emanuel Lasker Arena"]
[Date "2020.08.26"]
[Round "6"]
[White "Stefanone"]
[Black "TheCHESSHOUSE"]
[Result "1-0"]
[WhiteElo "2102"]
[BlackElo "2067"]
[PlyCount "81"]
[EventDate "2020.08.26"]
[EventType "swiss (blitz)"]

1. d4 {[%emt 0:00:01]} Nf6 {[%emt 0:00:01]} 2. e3 {[%emt 0:00:00]} g6 {[%emt 0:00:00]} 3. f4 {[%emt 0:00:00]} Bg7 {[%emt 0:00:00]} 4. Nf3 {[%emt 0:00:00]} d6 {[%emt 0:00:00]} 5. Bd3 {[%emt 0:00:00]} O-O {[%emt 0:00:00]} 6. Qe2 {[%emt 0:00:00]} c5 {[%emt 0:00:00]} 7. e4 {[%emt 0:00:00]} cxd4 {[%emt 0:00:01]} 8. Nxd4 {[%emt 0:00:00]} Nc6 {[%emt 0:00:01]} 9. Nxc6 {[%emt 0:00:00]} bxc6 {[%emt 0:00:00]} 10. O-O {[%emt 0:00:00]} Bb7 {[%emt 0:00:01]} 11. Nc3 {[%emt 0:00:01]} c5 {[%emt 0:00:01]} 12. e5 {[%emt 0:00:01]} Nd5 {[%emt 0:00:01]} 13. e6 {[%emt 0:00:02]} f5 {[%emt 0:00:03]} 14. Nxd5 {[%emt 0:00:01]} Bxd5 {[%emt 0:00:00]} 15. c4 {[%emt 0:00:02]} Bc6 {[%emt 0:00:01]} 16. Rb1 {[%emt 0:00:02]} Rb8 {[%emt 0:00:02]} 17. b3 {[%emt 0:00:01]} a5 {[%emt 0:00:00]} 18. g4 {[%emt 0:00:01]} fxg4 {[%emt 0:00:03]} 19. Qxg4 {[%emt 0:00:02]} Bd4+ {[%emt 0:00:01]} 20. Rf2 {[%emt 0:00:02]} Bxf2+ {[%emt 0:00:01]} 21. Kxf2 {[%emt 0:00:00]} Qe8 {[%emt 0:00:03]} 22. h4 {[%emt 0:00:01]} Rf6 {[%emt 0:00:04]} 23. h5 {[%emt 0:00:01]} Kg7 {[%emt 0:00:03]} 24. hxg6 {[%emt 0:00:03]} hxg6 {[%emt 0:00:00]} 25. Ke2 {[%emt 0:00:00]} a4 {[%emt 0:00:01]} 26. Be3 {[%emt 0:00:02]} axb3 {[%emt 0:00:01]} 27. axb3 {[%emt 0:00:00]} Qh8 {[%emt 0:00:03]} 28. f5 {[%emt 0:00:01]} Qh2+ {[%emt 0:00:04]} 29. Bf2 {[%emt 0:00:02]} Qe5+ {[%emt 0:00:01]} 30. Kd2 {[%emt 0:00:01]} Ba4 {[%emt 0:00:06]} 31. bxa4 {[%emt 0:00:02]} Rxb1 {[%emt 0:00:01]} 32. Bxb1 {[%emt 0:00:00]} Qb2+ {[%emt 0:00:00]} 33. Bc2 {[%emt 0:00:00]} Qb4+ {[%emt 0:00:01]} 34. Kd1 {[%emt 0:00:01]} Qc3 {[%emt 0:00:03]} 35. Bh4 {[%emt 0:00:02]} Qa1+ {[%emt 0:00:03]} 36. Kd2 {[%emt 0:00:01]} Rf8 {[%emt 0:00:03]} 37. Bg5 {[%emt 0:00:02]} gxf5 {[%emt 0:00:01]} 38. Qg3 {[%emt 0:00:02]} Qd4+ {[%emt 0:00:01]} 39. Kc1 {[%emt 0:00:01]} f4 {[%emt 0:00:00]} 40. Bxf4+ {[%emt 0:00:01]} Kh8 {[%emt 0:00:00]} 41. Qh4+ {[%emt 0:00:01] Time Time Time (Lag: Av=0.54s, max=0.9s) (Lag: Av=0.54s, max=0.9s) (Lag: Av=0.54s, max=0.9s)} 1-0

[Event "Stay Safe Play From Home 411"]
[Site "Emanuel Lasker Arena"]
[Date "2020.08.26"]
[Round "6"]
[White "Mamba2001de"]
[Black "KING o KONG"]
[Result "1-0"]
[WhiteElo "1457"]
[BlackElo "961"]
[Annotator "NA"]
[PlyCount "65"]
[EventDate "2020.08.26"]
[EventType "swiss (blitz)"]

1. e4 {[%emt 0:00:01]} e6 {[%emt 0:00:01]} 2. Nf3 {[%emt 0:00:01]} d6 {[%emt 0:00:01]} 3. d4 {[%emt 0:00:01]} b6 {[%emt 0:00:02]} 4. Be2 {[%emt 0:00:00]} Bb7 {[%emt 0:00:01]} 5. Nbd2 {[%emt 0:00:02]} Be7 {[%emt 0:00:01]} 6. O-O {[%emt 0:00:01]} Nh6 {[%emt 0:00:02]} 7. c3 {[%emt 0:00:02]} Qd7 {[%emt 0:00:02]} 8. e5 {[%emt 0:00:02]} d5 {[%emt 0:00:02]} 9. h3 {[%emt 0:00:03]} Na6 {[%emt 0:00:01]} 10. Nb3 {[%emt 0:00:01]} O-O-O {[%emt 0:00:01]} 11. Bxh6 {[%emt 0:00:01]} gxh6 {[%emt 0:00:01]} 12. Nbd2 {[%emt 0:00:02]} h5 {[%emt 0:00:01]} 13. c4 {[%emt 0:00:01]} f6 {[%emt 0:00:02]} 14. Rc1 {[%emt 0:00:02]} f5 {[%emt 0:00:02]} 15. c5 {[%emt 0:00:01]} Nb4 {[%emt 0:00:03]} 16. cxb6 {[%emt 0:00:02]} axb6 {[%emt 0:00:02]} 17. Qb3 {[%emt 0:00:03]} Nc6 {[%emt 0:00:03]} 18. a3 {[%emt 0:00:01]} Nxd4 {[%emt 0:00:01]} 19. Nxd4 {[%emt 0:00:02]} Bc5 {[%emt 0:00:02]} 20. Rxc5 {[%emt 0:00:05]} bxc5 {[%emt 0:00:02]} 21. Bb5 {[%emt 0:00:02]} c6 {[%emt 0:00:02]} 22. Bxc6 {[%emt 0:00:05]} Bxc6 {[%emt 0:00:03]} 23. Nxc6 {[%emt 0:00:01]} Qxc6 {[%emt 0:00:01]} 24. Rc1 {[%emt 0:00:01]} Kd7 {[%emt 0:00:01]} 25. Qg3 {[%emt 0:00:03]} Rhg8 {[%emt 0:00:03]} 26. Qh4 {[%emt 0:00:01]} d4 {[%emt 0:00:04]} 27. g3 {[%emt 0:00:01]} c4 {[%emt 0:00:02]} 28. Rxc4 {[%emt 0:00:02]} Qxc4 {[%emt 0:00:02]} 29. Nxc4 {[%emt 0:00:02]} Rc8 {[%emt 0:00:02]} 30. Nd6 {[%emt 0:00:02]} Rc1+ {[%emt 0:00:02]} 31. Kg2 {[%emt 0:00:01]} Rc2 {[%emt 0:00:01]} 32. Qf6 {[%emt 0:00:01]} Rgc8 {[%emt 0:00:05]} 33. Qf7+ {[%emt 0:00:01] TimeB TimeB TimeB} 1-0